| 000 | 00887nam a2200241 a 4500 | ||
|---|---|---|---|
| 999 |
_c10326 _d10326 |
||
| 001 | 10326 | ||
| 003 | BD-JhCC | ||
| 005 | 20180424084605.0 | ||
| 008 | 180424s19992013bg |||| |||| 001 0 mul d | ||
| 020 | _a9848401296 | ||
| 035 | _a(BD-JhCC)10326 | ||
| 040 |
_aBD-JhCC _dBD-JhCC |
||
| 041 | _aben and eng | ||
| 082 |
_a025.1 _bAHA 2013 |
||
| 100 | _aআহাম্মদ, এ.ডি.এম. আলী | ||
| 245 |
_aগ্রন্থাগার প্রশাসন ও ব্যবস্থাপনা / _cএ.ডি.এম. আলী আহাম্মদ, |
||
| 260 |
_aঢাকা : _bনবরাগ প্রকাশনী, _c২০১৩. |
||
| 300 |
_a২৩১ পৃ. : _c২০ সেমি. |
||
| 504 | _aIncludes index and Bibliography | ||
| 650 | _aLibrary administration | ||
| 650 | _aগ্রন্থাগার প্রশাসন | ||
| 942 |
_2ddc _cREF |
||